000 00767nam a22002537a 4500
001 9692
003 FISKH
005 20260129151545.0
008 260129b cb ||||| |||| 00| 0 eng d
040 _aFISKH
_beng
_cFISKH
_dFISKH
050 _aPZ7 .M58194
082 _a813.54
100 _aAnonymous
_eAuthor
245 _aThe kitten-sitters :
_bWalt Disney's Mickey Mouse /
260 _aNew York :
_bA Golden Book ,
_c1976
300 _a22 unnumbered pages :
_bcolor illustrations ;
_c20 cm
505 _aG
520 _aMickey and his nephews find kitten-sitting for Minnie's kitten an exhausting job.
521 8 _a300
_bLexile estimate
521 8 _aG
_bRaz-Plus
650 _aMickey Mouse
_vKitten-sitters
942 _2ddc
_cBK
_n0
999 _c9692
_d9692